[Event "Blondes - Brunettes"]
[Site "Moscow"]
[Date "2020.03.15"]
[Round "8.5"]
[White "Maltsevskaya, Aleksandra"]
[Black "Voit, Daria"]
[Result "0-1"]
[BlackElo "2326"]
[WhiteElo "2306"]
[LiveChessVersion "1.4.8"]

1. e4 {[%clk 0:03:02]} e6 {[%clk 0:03:03]} 2. d3 {[%clk 0:03:01]} d5
{[%clk 0:03:04]} 3. Nd2 {[%clk 0:03:01]} c5 {[%clk 0:03:05]} 4. Ngf3
{[%clk 0:02:59]} Nc6 {[%clk 0:03:05]} 5. Be2 {[%clk 0:03:00]} g6 {[%clk 0:03:05]}
6. O-O {[%clk 0:03:00]} Bg7 {[%clk 0:03:06]} 7. c3 {[%clk 0:03:01]} Nge7
{[%clk 0:03:06]} 8. Re1 {[%clk 0:02:58]} O-O {[%clk 0:03:04]} 9. Bf1
{[%clk 0:02:59]} e5 {[%clk 0:02:58]} 10. g3 {[%clk 0:02:36]} h6 {[%clk 0:02:57]}
11. Bg2 {[%clk 0:02:34]} Be6 {[%clk 0:02:58]} 12. exd5 {[%clk 0:02:32]} Nxd5
{[%clk 0:02:58]} 13. Nc4 {[%clk 0:02:33]} Qc7 {[%clk 0:02:59]} 14. Qe2
{[%clk 0:02:31]} Rfe8 {[%clk 0:02:47]} 15. Nfxe5 {[%clk 0:02:08]} Nxe5
{[%clk 0:02:18]} 16. Nxe5 {[%clk 0:02:08]} Bxe5 {[%clk 0:02:14]} 17. Qxe5
{[%clk 0:02:04]} Bd7 {[%clk 0:02:14]} 18. Qxe8+ {[%clk 0:01:50]} Rxe8
{[%clk 0:02:06]} 19. Rxe8+ {[%clk 0:01:50]} Bxe8 {[%clk 0:02:07]} 20. Bxd5
{[%clk 0:01:51]} Bc6 {[%clk 0:02:06]} 21. Bf4 {[%clk 0:01:49]} Qb6
{[%clk 0:01:49]} 22. Bxc6 {[%clk 0:01:06]} Qxc6 {[%clk 0:01:45]} 23. Re1
{[%clk 0:01:02]} g5 {[%clk 0:01:45]} 24. Be3 {[%clk 0:00:51]} Qb5
{[%clk 0:01:39]} 25. d4 {[%clk 0:00:36]} Qxb2 {[%clk 0:01:34]} 26. dxc5
{[%clk 0:00:36]} Qxa2 {[%clk 0:01:25]} 27. Bd4 {[%clk 0:00:36]} a5
{[%clk 0:01:23]} 28. g4 {[%clk 0:00:30]} Qa4 {[%clk 0:01:03]} 29. h3
{[%clk 0:00:07]} Qd7 {[%clk 0:00:52]} 30. Ra1 {[%clk 0:00:05]} a4
{[%clk 0:00:53]} 31. Kg2 {[%clk 0:00:03]} Qd5+ {[%clk 0:00:51]} 32. Kg1
{[%clk 0:00:04]} Qb3 {[%clk 0:00:49]} 33. Re1 {[%clk 0:00:04]} Qb5
{[%clk 0:00:50]} 34. Re7 {[%clk 0:00:03]} a3 {[%clk 0:00:47]} 35. Rc7
{[%clk 0:00:04]} f6 {[%clk 0:00:39]} 36. Rc8+ {[%clk 0:00:04]} Kf7
{[%clk 0:00:39]} 37. Rc7+ {[%clk 0:00:04]} Ke6 {[%clk 0:00:39]} 38. c6
{[%clk 0:00:04]} bxc6 {[%clk 0:00:35]} 39. Kg2 {[%clk 0:00:04]} a2
{[%clk 0:00:32]} 40. Ra7 {[%clk 0:00:04]} Qb1 {[%clk 0:00:32]} 41. c4
{[%clk 0:00:03]} Qe4+ 0-1

[Event "Blondes - Brunettes"]
[Site "Moscow"]
[Date "2020.03.15"]
[Round "8.6"]
[White "Danielian, Elina"]
[Black "Shuvalova, Polina"]
[Result "1-0"]
[BlackElo "2319"]
[WhiteElo "2262"]
[LiveChessVersion "1.4.8"]

1. d4 {[%clk 0:03:04]} Nf6 {[%clk 0:03:03]} 2. Bg5 {[%clk 0:03:05]} d5
{[%clk 0:02:59]} 3. Bxf6 {[%clk 0:03:05]} exf6 {[%clk 0:03:00]} 4. e3
{[%clk 0:03:06]} c5 {[%clk 0:03:00]} 5. c3 {[%clk 0:03:01]} Nc6 {[%clk 0:02:59]}
6. g3 {[%clk 0:02:58]} Bf5 {[%clk 0:02:46]} 7. Bg2 {[%clk 0:02:55]} Qb6
{[%clk 0:02:47]} 8. b3 {[%clk 0:02:20]} cxd4 {[%clk 0:02:41]} 9. exd4
{[%clk 0:02:21]} Rd8 {[%clk 0:02:32]} 10. Ne2 {[%clk 0:02:20]} Be7
{[%clk 0:02:29]} 11. O-O {[%clk 0:02:18]} O-O {[%clk 0:02:30]} 12. Re1
{[%clk 0:02:13]} Be4 {[%clk 0:02:17]} 13. Nd2 {[%clk 0:02:06]} Bxg2
{[%clk 0:02:06]} 14. Kxg2 {[%clk 0:02:07]} Bd6 {[%clk 0:02:02]} 15. Nf1
{[%clk 0:02:02]} Rfe8 {[%clk 0:01:56]} 16. Ne3 {[%clk 0:02:00]} Bb8
{[%clk 0:01:49]} 17. Qd3 {[%clk 0:01:59]} g6 {[%clk 0:01:47]} 18. a4
{[%clk 0:01:26]} a6 {[%clk 0:01:45]} 19. b4 {[%clk 0:01:19]} f5 {[%clk 0:01:41]}
20. b5 {[%clk 0:01:04]} axb5 {[%clk 0:01:29]} 21. Qxb5 {[%clk 0:01:00]} Qxb5
{[%clk 0:00:59]} 22. axb5 {[%clk 0:01:01]} Ne7 {[%clk 0:01:00]} 23. Nc1
{[%clk 0:00:28]} Rc8 {[%clk 0:00:56]} 24. Nd1 {[%clk 0:00:15]} f4
{[%clk 0:00:52]} 25. Nd3 {[%clk 0:00:15]} fxg3 {[%clk 0:00:53]} 26. hxg3
{[%clk 0:00:16]} Nf5 {[%clk 0:00:49]} 27. Rxe8+ Rxe8 28. Nb4 {[%clk 0:00:12]} Ne7
{[%clk 0:00:37]} 29. Ne3 {[%clk 0:00:10]} Rd8 {[%clk 0:00:28]} 30. Ra8
{[%clk 0:00:11]} Kg7 {[%clk 0:00:24]} 31. Kf3 {[%clk 0:00:05]} h5
{[%clk 0:00:22]} 32. b6 {[%clk 0:00:04]} Kf6 {[%clk 0:00:07]} 33. Nbxd5+
{[%clk 0:00:05]} Nxd5 {[%clk 0:00:07]} 34. Nxd5+ {[%clk 0:00:07]} Ke6
{[%clk 0:00:04]} 35. c4 {[%clk 0:00:08]} Kd7 {[%clk 0:00:04]} 36. c5
{[%clk 0:00:08]} Kc6 {[%clk 0:00:05]} 37. Nb4+ {[%clk 0:00:07]} Kb5
{[%clk 0:00:06]} 38. Nc2 {[%clk 0:00:08]} f5 {[%clk 0:00:04]} 39. Ra1
{[%clk 0:00:08]} Kc4 {[%clk 0:00:05]} 40. Ke3 {[%clk 0:00:08]} Re8+
{[%clk 0:00:06]} 41. Kd2 {[%clk 0:00:09]} f4 {[%clk 0:00:05]} 42. Ra4+
{[%clk 0:00:09]} Kd5 {[%clk 0:00:05]} 43. gxf4 Bxf4+ {[%clk 0:00:06]} 44. Ne3+
{[%clk 0:00:05]} Ke4 {[%clk 0:00:03]} 45. d5+ {[%clk 0:00:06]} Ke5
{[%clk 0:00:04]} 46. c6 {[%clk 0:00:05]} Bxe3+ {[%clk 0:00:04]} 47. fxe3
{[%clk 0:00:06]} Kxd5 {[%clk 0:00:04]} 48. c7 {[%clk 0:00:04]} Kc6
{[%clk 0:00:04]} 49. Rc4+ {[%clk 0:00:05]} Kd7 {[%clk 0:00:05]} 50. Rd4+
{[%clk 0:00:03]} Kc8 {[%clk 0:00:06]} 51. Rd6 {[%clk 0:00:05]} Rg8
{[%clk 0:00:05]} 52. Ke2 {[%clk 0:00:05]} g5 {[%clk 0:00:06]} 53. Kf2
{[%clk 0:00:07]} h4 {[%clk 0:00:07]} 54. Rh6 {[%clk 0:00:05]} Kd7
{[%clk 0:00:07]} 55. e4 {[%clk 0:00:05]} Rf8+ {[%clk 0:00:06]} 56. Kg2
{[%clk 0:00:05]} Re8 {[%clk 0:00:07]} 57. Rh7+ {[%clk 0:00:04]} Kc6
{[%clk 0:00:07]} 58. Rh6+ {[%clk 0:00:05]} Kd7 {[%clk 0:00:09]} 59. Rg6
{[%clk 0:00:06]} Rh8 {[%clk 0:00:04]} 60. Rxg5 {[%clk 0:00:05]} h3+
{[%clk 0:00:05]} 61. Kh2 {[%clk 0:00:07]} Kc6 {[%clk 0:00:06]} 62. Rg6+
{[%clk 0:00:07]} Kd7 {[%clk 0:00:07]} 63. Rg3 {[%clk 0:00:07]} Kc6
{[%clk 0:00:08]} 64. Rxh3 {[%clk 0:00:07]} Re8 {[%clk 0:00:08]} 65. Rh6+
{[%clk 0:00:08]} Kd7 {[%clk 0:00:06]} 66. Kg3 {[%clk 0:00:07]} Rf8
{[%clk 0:00:05]} 67. Kg4 {[%clk 0:00:07]} Re8 {[%clk 0:00:04]} 68. Kf4
{[%clk 0:00:07]} Rf8+ {[%clk 0:00:05]} 69. Ke3 {[%clk 0:00:09]} Ra8
{[%clk 0:00:05]} 70. Rh7+ {[%clk 0:00:09]} Kc6 {[%clk 0:00:06]} 71. Rh6+
{[%clk 0:00:10]} Kd7 {[%clk 0:00:07]} 72. e5 {[%clk 0:00:10]} Re8
{[%clk 0:00:08]} 73. Ke4 {[%clk 0:00:12]} Kc8 {[%clk 0:00:09]} 74. Kd5
{[%clk 0:00:11]} Kd7 {[%clk 0:00:10]} 75. Rd6+ {[%clk 0:00:04]} Kc8
{[%clk 0:00:12]} 76. Rd8+ {[%clk 0:00:05]} Rxd8+ 77. cxd8=Q+ {[%clk 0:00:05]}
Kxd8 {[%clk 0:00:14]} 78. Kd6 {[%clk 0:00:06]} Kc8 {[%clk 0:00:16]} 79. e6
{[%clk 0:00:07]} Kb8 {[%clk 0:00:16]} 80. e7 {[%clk 0:00:06]} 1-0

[Event "Blondes - Brunettes"]
[Site "Moscow"]
[Date "2020.03.15"]
[Round "8.7"]
[White "Girya, Olga"]
[Black "Dordzhieva, Dinara"]
[Result "1-0"]
[BlackElo "2273"]
[WhiteElo "2250"]
[LiveChessVersion "1.4.8"]

1. d4 {[%clk 0:03:03]} Nf6 {[%clk 0:03:03]} 2. c4 {[%clk 0:03:03]} e6
{[%clk 0:03:05]} 3. Nf3 {[%clk 0:03:04]} d5 {[%clk 0:03:06]} 4. Bg5
{[%clk 0:03:02]} dxc4 {[%clk 0:03:00]} 5. e4 {[%clk 0:03:01]} Bb4+
{[%clk 0:03:00]} 6. Nc3 {[%clk 0:02:53]} h6 {[%clk 0:03:01]} 7. Bxf6
{[%clk 0:02:51]} Qxf6 {[%clk 0:03:02]} 8. Bxc4 c5 9. e5 {[%clk 0:02:51]} Qd8
{[%clk 0:03:05]} 10. O-O {[%clk 0:02:37]} cxd4 {[%clk 0:03:06]} 11. Nb5
{[%clk 0:02:17]} Nc6 {[%clk 0:02:14]} 12. Nbxd4 {[%clk 0:01:50]} Nxd4
{[%clk 0:02:12]} 13. Nxd4 {[%clk 0:01:52]} O-O {[%clk 0:02:11]} 14. Qg4
{[%clk 0:01:34]} Qg5 {[%clk 0:02:11]} 15. Qxg5 {[%clk 0:01:18]} hxg5
{[%clk 0:02:12]} 16. Rfd1 {[%clk 0:01:19]} Be7 {[%clk 0:02:00]} 17. Nb5
{[%clk 0:01:10]} Rd8 {[%clk 0:01:36]} 18. Rxd8+ Bxd8 {[%clk 0:01:37]} 19. Rd1
{[%clk 0:00:56]} Be7 {[%clk 0:01:38]} 20. Be2 {[%clk 0:00:37]} Kf8
{[%clk 0:01:27]} 21. Bf3 {[%clk 0:00:34]} a6 {[%clk 0:01:23]} 22. Nd6
{[%clk 0:00:33]} Rb8 {[%clk 0:01:24]} 23. Rc1 {[%clk 0:00:25]} Bd7
{[%clk 0:00:50]} 24. Nxb7 {[%clk 0:00:22]} g4 {[%clk 0:00:45]} 25. Be4
{[%clk 0:00:21]} f5 {[%clk 0:00:31]} 26. exf6 {[%clk 0:00:21]} gxf6
{[%clk 0:00:32]} 27. g3 {[%clk 0:00:16]} f5 {[%clk 0:00:31]} 28. Bg2
{[%clk 0:00:17]} e5 {[%clk 0:00:32]} 29. Bd5 {[%clk 0:00:16]} Be8
{[%clk 0:00:19]} 30. b3 {[%clk 0:00:15]} a5 {[%clk 0:00:07]} 31. Nxa5 Rd8 32. Bc6
{[%clk 0:00:11]} Bf7 {[%clk 0:00:09]} 33. Nc4 {[%clk 0:00:10]} Bxc4
{[%clk 0:00:10]} 34. bxc4 {[%clk 0:00:10]} Rd2 {[%clk 0:00:09]} 35. c5
{[%clk 0:00:07]} f4 {[%clk 0:00:06]} 36. Be4 {[%clk 0:00:05]} f3 {[%clk 0:00:05]}
37. c6 {[%clk 0:00:04]} Bd8 {[%clk 0:00:07]} 38. Bf5 {[%clk 0:00:03]} Bb6
{[%clk 0:00:06]} 39. Bxg4 {[%clk 0:00:04]} Rxf2 {[%clk 0:00:05]} 40. Kh1
{[%clk 0:00:06]} e4 {[%clk 0:00:03]} 41. c7 {[%clk 0:00:06]} Bxc7
{[%clk 0:00:04]} 42. h4 {[%clk 0:00:04]} Bb6 {[%clk 0:00:06]} 43. h5
{[%clk 0:00:05]} Kg7 {[%clk 0:00:07]} 44. Rb1 {[%clk 0:00:04]} Bc5
{[%clk 0:00:05]} 45. Rc1 {[%clk 0:00:05]} Be3 {[%clk 0:00:05]} 46. Rc7+
{[%clk 0:00:06]} Kh6 {[%clk 0:00:06]} 47. Rc6+ {[%clk 0:00:07]} Kg5
{[%clk 0:00:07]} 48. Rg6# {[%clk 0:00:07]} 1-0

[Event "Blondes - Brunettes"]
[Site "Moscow"]
[Date "2020.03.15"]
[Round "8.8"]
[White "Kovalevskaya, Ekaterina"]
[Black "Guseva, Marina"]
[Result "1-0"]
[BlackElo "2259"]
[WhiteElo "2243"]
[LiveChessVersion "1.4.8"]

1. Nf3 {[%clk 0:03:02]} Nf6 {[%clk 0:03:03]} 2. g3 {[%clk 0:03:04]} b5
{[%clk 0:03:03]} 3. Bg2 {[%clk 0:03:04]} Bb7 {[%clk 0:03:04]} 4. O-O
{[%clk 0:03:03]} e6 {[%clk 0:03:05]} 5. b3 {[%clk 0:03:00]} c5 {[%clk 0:03:05]}
6. c4 {[%clk 0:02:57]} a6 {[%clk 0:03:03]} 7. Nc3 {[%clk 0:02:41]} bxc4
{[%clk 0:02:50]} 8. bxc4 {[%clk 0:02:41]} Nc6 {[%clk 0:02:40]} 9. Rb1
{[%clk 0:02:40]} Rb8 {[%clk 0:01:35]} 10. d3 {[%clk 0:02:26]} Ba8
{[%clk 0:01:33]} 11. Rxb8 {[%clk 0:02:03]} Qxb8 {[%clk 0:01:33]} 12. Bf4
{[%clk 0:01:58]} Qb4 {[%clk 0:01:09]} 13. Qd2 {[%clk 0:01:22]} Be7
{[%clk 0:00:41]} 14. Rb1 {[%clk 0:01:19]} Qa5 {[%clk 0:00:42]} 15. Ne5
{[%clk 0:01:13]} O-O {[%clk 0:00:12]} 16. Nxc6 {[%clk 0:00:55]} Bxc6
{[%clk 0:00:13]} 17. Bxc6 {[%clk 0:00:54]} dxc6 {[%clk 0:00:14]} 18. Nd5
{[%clk 0:00:51]} Qd8 {[%clk 0:00:08]} 19. Nxe7+ {[%clk 0:00:51]} Qxe7
{[%clk 0:00:09]} 20. Qa5 {[%clk 0:00:38]} e5 {[%clk 0:00:07]} 21. Be3
{[%clk 0:00:38]} 1-0

[Event "Blondes - Brunettes"]
[Site "Moscow"]
[Date "2020.03.15"]
[Round "8.9"]
[White "Bivol, Alina"]
[Black "Mirzoeva, Elmira"]
[Result "1-0"]
[BlackElo "2135"]
[WhiteElo "2219"]
[LiveChessVersion "1.4.8"]

1. Nf3 {[%clk 0:03:03]} d6 {[%clk 0:03:03]} 2. g3 {[%clk 0:03:03]} g6
{[%clk 0:03:03]} 3. Bg2 {[%clk 0:03:03]} Bg7 {[%clk 0:03:04]} 4. d4
{[%clk 0:03:04]} Nd7 {[%clk 0:03:05]} 5. O-O {[%clk 0:03:04]} e5 {[%clk 0:03:06]}
6. c4 {[%clk 0:03:04]} Ne7 {[%clk 0:03:06]} 7. Nc3 {[%clk 0:03:04]} O-O
{[%clk 0:03:06]} 8. e4 {[%clk 0:02:56]} exd4 {[%clk 0:03:01]} 9. Nxd4
{[%clk 0:02:56]} Nc6 {[%clk 0:03:02]} 10. Be3 {[%clk 0:02:52]} Nde5
{[%clk 0:02:59]} 11. b3 {[%clk 0:02:51]} Ng4 {[%clk 0:02:57]} 12. Rc1
{[%clk 0:01:53]} Nxe3 {[%clk 0:02:50]} 13. fxe3 {[%clk 0:01:54]} Ne5
{[%clk 0:02:48]} 14. Nd5 {[%clk 0:01:39]} c6 {[%clk 0:02:47]} 15. Nf4
{[%clk 0:01:39]} Qb6 {[%clk 0:02:43]} 16. h3 {[%clk 0:01:34]} a5 {[%clk 0:02:40]}
17. Kh2 {[%clk 0:01:31]} a4 {[%clk 0:02:38]} 18. Rc2 {[%clk 0:01:07]} axb3
{[%clk 0:02:29]} 19. axb3 {[%clk 0:01:08]} Bd7 {[%clk 0:02:25]} 20. Rd2
{[%clk 0:01:06]} Ra3 {[%clk 0:02:16]} 21. Nc2 {[%clk 0:00:54]} Rxb3
{[%clk 0:02:09]} 22. Rxd6 {[%clk 0:00:55]} Bc8 {[%clk 0:02:00]} 23. Nd5
{[%clk 0:00:53]} Qa5 {[%clk 0:01:03]} 24. Ne7+ {[%clk 0:00:46]} Kh8
{[%clk 0:01:04]} 25. Nxc8 {[%clk 0:00:36]} Rxc8 {[%clk 0:01:01]} 26. Rf2
{[%clk 0:00:18]} Nxc4 {[%clk 0:00:52]} 27. Rd7 {[%clk 0:00:07]} Ne5
{[%clk 0:00:53]} 28. Re7 {[%clk 0:00:06]} Qd8 {[%clk 0:00:51]} 29. Nd4
{[%clk 0:00:03]} Rxe3 {[%clk 0:00:39]} 1-0

[Event "Blondes - Brunettes"]
[Site "Moscow"]
[Date "2020.03.15"]
[Round "8.10"]
[White "Badelka, Olga"]
[Black "Kosteniuk, Oksana"]
[Result "1-0"]
[BlackElo "1927"]
[WhiteElo "2153"]
[LiveChessVersion "1.4.8"]

1. c4 {[%clk 0:03:03]} c5 {[%clk 0:03:02]} 2. Nf3 {[%clk 0:03:02]} Nc6
{[%clk 0:03:02]} 3. d4 {[%clk 0:03:03]} cxd4 {[%clk 0:03:00]} 4. Nxd4
{[%clk 0:03:04]} Nf6 {[%clk 0:02:58]} 5. Nc3 {[%clk 0:03:05]} g6 {[%clk 0:02:50]}
6. e4 {[%clk 0:03:06]} Bg7 {[%clk 0:02:49]} 7. Be3 {[%clk 0:03:07]} d6
{[%clk 0:02:46]} 8. Be2 {[%clk 0:03:07]} Bd7 {[%clk 0:02:44]} 9. O-O
{[%clk 0:03:05]} O-O {[%clk 0:02:39]} 10. h3 {[%clk 0:03:05]} a6 {[%clk 0:02:29]}
11. Qc2 {[%clk 0:03:04]} Rc8 {[%clk 0:02:24]} 12. Rad1 {[%clk 0:02:42]} Na5
{[%clk 0:01:59]} 13. b3 {[%clk 0:02:21]} Qc7 {[%clk 0:01:57]} 14. Qd2
{[%clk 0:02:08]} Nc6 {[%clk 0:01:44]} 15. Rc1 {[%clk 0:02:07]} Qb8
{[%clk 0:01:34]} 16. Rfe1 {[%clk 0:01:47]} Rfd8 {[%clk 0:01:18]} 17. Nxc6
{[%clk 0:00:46]} Bxc6 {[%clk 0:01:18]} 18. Bf3 {[%clk 0:00:40]} Nd7
{[%clk 0:01:13]} 19. Bg4 {[%clk 0:00:37]} h5 {[%clk 0:01:05]} 20. Bxd7
{[%clk 0:00:37]} Rxd7 {[%clk 0:01:06]} 21. Bd4 {[%clk 0:00:35]} b6
{[%clk 0:00:56]} 22. Bxg7 {[%clk 0:00:34]} Kxg7 {[%clk 0:00:57]} 23. Qd4+
{[%clk 0:00:32]} f6 {[%clk 0:00:55]} 24. Nd5 {[%clk 0:00:23]} Bxd5
{[%clk 0:00:47]} 25. exd5 {[%clk 0:00:25]} Qc7 {[%clk 0:00:41]} 26. Re3
{[%clk 0:00:19]} Qc5 {[%clk 0:00:39]} 27. Qd3 {[%clk 0:00:18]} Rf8
{[%clk 0:00:32]} 28. Rg3 {[%clk 0:00:17]} g5 {[%clk 0:00:25]} 29. h4
{[%clk 0:00:16]} Qa3 {[%clk 0:00:20]} 30. Re1 {[%clk 0:00:13]} Qxa2
{[%clk 0:00:14]} 31. hxg5 {[%clk 0:00:14]} f5 {[%clk 0:00:14]} 32. Qd4+
{[%clk 0:00:12]} Kg6 {[%clk 0:00:13]} 33. Re6+ {[%clk 0:00:12]} Kf7
{[%clk 0:00:09]} 34. g6+ {[%clk 0:00:13]} Kg8 {[%clk 0:00:05]} 35. g7
{[%clk 0:00:13]} Qb1+ {[%clk 0:00:04]} 36. Kh2 {[%clk 0:00:13]} Qc2
{[%clk 0:00:00]} 1-0

[Event "Blondes - Brunettes"]
[Site "Moscow"]
[Date "2020.03.15"]
[Round "9.1"]
[White "Kosteniuk, Alexandra"]
[Black "Fominykh, Maria"]
[Result "1-0"]
[BlackElo "2108"]
[WhiteElo "2521"]
[LiveChessVersion "1.4.8"]

1. e4 {[%clk 0:03:03]} d6 {[%clk 0:03:03]} 2. d4 {[%clk 0:03:04]} Nf6
{[%clk 0:03:03]} 3. Nc3 {[%clk 0:03:04]} Nbd7 {[%clk 0:03:03]} 4. g4
{[%clk 0:03:02]} c5 {[%clk 0:02:09]} 5. g5 {[%clk 0:02:58]} cxd4 {[%clk 0:02:05]}
6. Qxd4 {[%clk 0:02:59]} Ng4 {[%clk 0:01:54]} 7. f4 {[%clk 0:02:35]} e5
{[%clk 0:01:43]} 8. Qd1 {[%clk 0:02:36]} Nc5 {[%clk 0:01:30]} 9. Bb5+
{[%clk 0:02:36]} Bd7 {[%clk 0:01:24]} 10. Qxg4 {[%clk 0:02:33]} Bxb5
{[%clk 0:01:25]} 11. Nxb5 {[%clk 0:02:34]} Qa5+ {[%clk 0:01:19]} 12. Nc3
{[%clk 0:02:34]} Nxe4 {[%clk 0:01:19]} 13. Nge2 {[%clk 0:02:26]} d5
{[%clk 0:01:12]} 14. fxe5 {[%clk 0:02:18]} Bc5 {[%clk 0:01:03]} 15. Qf3
{[%clk 0:02:10]} O-O {[%clk 0:00:10]} 16. Be3 {[%clk 0:01:59]} Nxc3
{[%clk 0:00:10]} 17. bxc3 {[%clk 0:01:55]} Bxe3 {[%clk 0:00:05]} 18. Qxe3
{[%clk 0:01:56]} Rfe8 {[%clk 0:00:05]} 19. O-O {[%clk 0:01:53]} Qc7
{[%clk 0:00:05]} 20. Qf4 {[%clk 0:01:32]} Rxe5 {[%clk 0:00:04]} 21. Rae1
{[%clk 0:01:31]} Rae8 {[%clk 0:00:04]} 22. Nd4 {[%clk 0:01:28]} Qe7
{[%clk 0:00:04]} 23. Rxe5 {[%clk 0:01:28]} Qxe5 {[%clk 0:00:05]} 24. Qxf7+
{[%clk 0:01:29]} 1-0

[Event "Blondes - Brunettes"]
[Site "Moscow"]
[Date "2020.03.15"]
[Round "9.2"]
[White "Goryachkina, Aleksandra"]
[Black "Larina, Maria"]
[Result "1-0"]
[BlackElo "1776"]
[WhiteElo "2441"]
[LiveChessVersion "1.4.8"]

1. d4 {[%clk 0:03:02]} f5 {[%clk 0:03:02]} 2. Nc3 {[%clk 0:02:48]} Nf6
{[%clk 0:03:04]} 3. Bg5 {[%clk 0:02:47]} d5 {[%clk 0:03:05]} 4. e3
{[%clk 0:02:45]} e6 {[%clk 0:02:44]} 5. Bd3 {[%clk 0:02:45]} Be7 {[%clk 0:02:41]}
6. Nf3 {[%clk 0:02:40]} Nc6 {[%clk 0:02:41]} 7. a3 {[%clk 0:02:38]} O-O
{[%clk 0:02:39]} 8. h3 {[%clk 0:02:35]} a5 {[%clk 0:02:14]} 9. Ne2
{[%clk 0:02:33]} h6 {[%clk 0:02:09]} 10. Bf4 {[%clk 0:02:32]} Nh5
{[%clk 0:02:07]} 11. Bh2 {[%clk 0:02:32]} Nf6 {[%clk 0:01:52]} 12. Nf4
{[%clk 0:02:30]} Qe8 {[%clk 0:01:46]} 13. Bb5 {[%clk 0:02:27]} Bd6
{[%clk 0:01:33]} 14. Nd3 {[%clk 0:02:19]} Ne4 {[%clk 0:01:32]} 15. Bxd6
{[%clk 0:02:10]} cxd6 {[%clk 0:01:33]} 16. c4 {[%clk 0:01:56]} dxc4
{[%clk 0:01:30]} 17. Bxc4 {[%clk 0:01:57]} Ne7 {[%clk 0:01:14]} 18. O-O
{[%clk 0:01:52]} Kh8 {[%clk 0:01:10]} 19. Rc1 {[%clk 0:01:53]} Bd7
{[%clk 0:01:06]} 20. Nf4 {[%clk 0:01:40]} Ng6 {[%clk 0:01:04]} 21. Re1
{[%clk 0:01:36]} b5 {[%clk 0:00:49]} 22. Bd3 {[%clk 0:01:35]} Bc6
{[%clk 0:00:45]} 23. Nxg6+ {[%clk 0:01:31]} Qxg6 {[%clk 0:00:43]} 24. Rxc6
{[%clk 0:01:31]} 1-0

[Event "Blondes - Brunettes"]
[Site "Moscow"]
[Date "2020.03.15"]
[Round "9.3"]
[White "Bodnaruk, Anastasia"]
[Black "Zhukova, Natalia"]
[Result "1-0"]
[BlackElo "2423"]
[WhiteElo "2415"]
[LiveChessVersion "1.4.8"]

1. e4 {[%clk 0:03:02]} e5 {[%clk 0:03:02]} 2. Nf3 {[%clk 0:03:02]} Nc6
{[%clk 0:03:02]} 3. Bc4 {[%clk 0:03:02]} Bc5 {[%clk 0:03:02]} 4. d3
{[%clk 0:03:02]} Nf6 {[%clk 0:03:02]} 5. Bg5 {[%clk 0:03:02]} h6 {[%clk 0:03:03]}
6. Bh4 {[%clk 0:03:00]} Be7 {[%clk 0:03:01]} 7. O-O {[%clk 0:02:57]} O-O
{[%clk 0:03:01]} 8. c3 {[%clk 0:02:53]} d6 {[%clk 0:02:57]} 9. Nbd2
{[%clk 0:02:38]} Nh5 {[%clk 0:02:39]} 10. Bg3 {[%clk 0:02:16]} Nxg3
{[%clk 0:02:27]} 11. fxg3 {[%clk 0:02:17]} Na5 {[%clk 0:02:25]} 12. Bb5
{[%clk 0:02:16]} c6 {[%clk 0:02:26]} 13. Ba4 {[%clk 0:02:16]} c5 {[%clk 0:01:40]}
14. Kh1 {[%clk 0:02:06]} Be6 {[%clk 0:01:37]} 15. d4 {[%clk 0:01:56]} cxd4
{[%clk 0:01:21]} 16. cxd4 {[%clk 0:01:57]} Nc4 {[%clk 0:01:19]} 17. Nxc4
{[%clk 0:01:26]} Bxc4 {[%clk 0:01:20]} 18. Rf2 {[%clk 0:01:27]} Qa5
{[%clk 0:01:11]} 19. a3 {[%clk 0:01:19]} Rac8 {[%clk 0:01:02]} 20. b4
{[%clk 0:01:17]} Qb6 {[%clk 0:01:01]} 21. Rc1 {[%clk 0:00:58]} Bf6
{[%clk 0:00:53]} 22. Rfc2 {[%clk 0:00:48]} Be6 {[%clk 0:00:52]} 23. d5
{[%clk 0:00:36]} Rxc2 {[%clk 0:00:41]} 24. Rxc2 {[%clk 0:00:36]} Bg4
{[%clk 0:00:33]} 25. h3 {[%clk 0:00:31]} Bxf3 {[%clk 0:00:31]} 26. Qxf3
{[%clk 0:00:31]} Qa6 {[%clk 0:00:27]} 27. Bd7 {[%clk 0:00:31]} Qb6
{[%clk 0:00:16]} 28. h4 {[%clk 0:00:20]} Rd8 {[%clk 0:00:16]} 29. Bf5
{[%clk 0:00:14]} a5 {[%clk 0:00:14]} 30. Rc4 {[%clk 0:00:10]} Ra8
{[%clk 0:00:11]} 31. Qb3 {[%clk 0:00:06]} g6 {[%clk 0:00:11]} 32. Bg4
{[%clk 0:00:05]} h5 {[%clk 0:00:10]} 33. Bf3 {[%clk 0:00:05]} Qf2
{[%clk 0:00:06]} 34. Kh2 {[%clk 0:00:05]} axb4 {[%clk 0:00:05]} 35. Rxb4
{[%clk 0:00:04]} b6 {[%clk 0:00:00]} 1-0